| 000 | 00381pab a2200145 454500 | ||
|---|---|---|---|
| 008 | 180718b1987 xxu||||| |||| 00| 0 eng d | ||
| 100 | _aChetty, B.S. | ||
| 245 |
_aProblems and perspectives in project management _bA note |
||
| 260 | _c1987 | ||
| 300 | _a208-29 | ||
| 362 | _aMar. | ||
| 650 | _aProject Management - India | ||
| 773 | _aASCI Journal of Management | ||
| 909 | _a16254 | ||
| 999 |
_c16254 _d16254 |
||